Soccer A-Z #2 - Statistics

General Stats
  • This quiz has been taken 133 times
  • The average score is 18 of 26
Answer Stats
Hint Answer % Correct
Home stadium of Liverpool A Anfield
97%
Managed Manchester United from '86-'13 F Alex Ferguson
95%
Scored 1281 goals (including friendlies) P Pelé
94%
Championship club from London Q Queens Park Rangers
90%
Most-capped Barcelona midfielder X Xavi
90%
Won the World Cup with France as captain in 1998 and as manager in 2018 D Didier Deschamps
88%
Beat England 2-1 in Euro 2016 round of 16 I Iceland
88%
Most successful club in Greece O Olympiacos
87%
Red Star and Partizan contest an intense derby in this city B Belgrade
81%
All-time World Cup top goalscorer K Miroslav Klose
80%
Goal scored by Maradona vs England H Hand of God
79%
Costa Rican goalkeeper who brought his country to the 2014 WC quarterfinals N Keylor Navas
78%
Second-oldest club in Italy U Udinese
78%
The "Yellow Submarine" club of Spain V Villarreal
77%
David Beckham's free kick vs this country sent England to the 2002 World Cup G Greece
76%
"The Black Panther" of Portugal E Eusébio
72%
Australia's top goalscorer C Tim Cahill
72%
Dutchman who cuts in on his left R Arjen Robben
71%
Prolific Swedish striker for Celtic L Henrik Larsson
65%
Bulgarian 1994 Ballon d'Or winner S Hristo Stoichkov
56%
Country of clubs Club Africain, Étoile du Sahel, and Espérance T Tunisia
50%
American right back playing at Newcastle Y DeAndre Yedlin
47%
He scored in every game of Brazil's 1970 World Cup winning campaign J Jairzinho
47%
Nickname of the great Hungarian team of the 1950s M Mighty {Magyars}
21%
Wolf mascot of Russia 2018 Z Zabivaka
6%
Formation pioneered by Herbert Chapman of 1920's Arsenal W W-M
4%
No matching quizzes found
Score Distribution
Percent of People with Each Score
Percentile by Number Answered
Your Score History
You have not taken this quiz